000 00252nam a2200097Ia 4500
001 640839
005 20250826153455.0
008 250824s9999 xx 000 0 und d
245 0 _aSESSİZ ÇAYIR IN UYUYANLARI
_cMEHMET BALTAOĞLU
260 _bGENÇ TİMAŞ
999 _c640839
_d640839